| 000 | 01354nac a2200373 ca4500 | ||
|---|---|---|---|
| 001 | BV045416337 | ||
| 003 | DE-604 | ||
| 005 | 20230201124907.0 | ||
| 007 | t | ||
| 008 | 190121m2017uuuu |||| 00||| rus d | ||
| 035 | _a(DE-599)BVBBV045416337 | ||
| 040 |
_aDE-604 _bger _cRU-10907106 |
||
| 041 | 0 | _arus | |
| 245 | 1 | 0 |
_aTajnaja straža Rossii _bočerki istorii otečestvennych organov gosbezopasnosti _cPopov A.Ju. avtor-sostavitelʹ |
| 264 | 1 |
_aMoskva : _bAlgoritm, _c2017- |
|
| 336 |
_aText _btxt _2rdacontent |
||
| 337 |
_aohne Hilfsmittel zu benutzen _bn _2rdamedia |
||
| 338 |
_aBand _bnc _2rdacarrier |
||
| 500 | _aBandzählung erst bei Band 2 | ||
| 610 | 2 | 7 |
_aSowjetunion _bKomitet Gosudarstvennoj Bezopasnosti _0(DE-588)2101272-6 _2gnd _9rswk-swf |
| 648 | 7 |
_a1890-1956 _2gnd _9rswk-swf |
|
| 650 | 0 | 7 |
_aSpionage _0(DE-588)4056287-6 _2gnd _9rswk-swf |
| 650 | 0 | 7 |
_aGeheimdienst _0(DE-588)4019737-2 _2gnd _9rswk-swf |
| 650 | 0 | 7 |
_aInnere Sicherheit _0(DE-588)4127888-4 _2gnd _9rswk-swf |
| 651 | 7 |
_aSowjetunion _0(DE-588)4077548-3 _2gnd _9rswk-swf |
|
| 651 | 7 |
_aRussland _0(DE-588)4076899-5 _2gnd _9rswk-swf |
|
| 700 | 1 |
_aPopov, Aleksej Jurʹevič _d1969- _eHerausgeber _0(DE-588)1012954803 _4edt _919252 |
|
| 942 | 1 | 1 |
_cMG _e22/bsb _2z |
| 942 | 1 | 1 |
_e22/bsb _2z |
| 942 | 1 | 1 |
_e22/bsb _2z |
| 942 | 1 | 1 |
_e22/bsb _2z |
| 942 | 1 | 1 |
_e22/bsb _2z |
| 942 | 1 | 1 |
_e22/bsb _2z |
| 999 |
_c61408 _d61408 |
||